[Event "Linares"]
[Site "?"]
[Date "1990.??.??"]
[Round "?"]
[White "Beliavsky, A."]
[Black "Kasparov, Garry"]
[Result "1/2-1/2"]
[WhiteElo "2640"]
[BlackElo "2800"]
[PlyCount "81"]
[EventDate "1990.??.??"]
[Source "ChessBase"]
[SourceDate "1990.01.01"]

1. d4 Nf6 2. c4 g6 3. Nc3 Bg7 4. e4 d6 5. f3 O-O 6. Be3 Nc6 7. Qd2 a6 8. Nge2 Rb8 9. Nc1 e5 10. Nb3 exd4 11. Nxd4 Ne5 12. Rd1 c6 13. Be2 b5 14. cxb5 axb5 15. b4 c5 16. Nc2 cxb4 17. Nxb4 Be6 18. O-O Qa5 19. Qxd6 Nc4 20. Bxc4 bxc4 21. Nc6 Qxc3 22. Bd4 Nxe4 23. Bxc3 Nxd6 24. Bxg7 Kxg7 25. Nxb8 Nf5 26. Nd7 Rc8 27. Nb6 Rc6 28. Rb1 c3 29. Rb4 Bxa2 30. Rc1 c2 31. Kf2 h5 32. Ke2 Be6 33. Kd2 Rd6+ 34. Kxc2 Ne3+ 35. Kb2 Nxg2 36. Nc4 Rd3 37. Ne5 Re3 38. Re4 Kf6 39. Rxe3 Nxe3 40. Nd3 Bd5 41. Ne1 1/2-1/2

[Event "Groningen"]
[Site "?"]
[Date "1995.??.??"]
[Round "?"]
[White "Karpov, Anatoly"]
[Black "Hansen, Cu"]
[Result "1-0"]
[WhiteElo "2775"]
[BlackElo "2635"]
[PlyCount "115"]
[EventDate "1995.??.??"]
[Source "ChessBase"]
[SourceDate "1995.10.01"]

1. d4 Nf6 2. c4 g6 3. Nc3 Bg7 4. e4 d6 5. f3 O-O 6. Be3 Nc6 7. Nge2 a6 8. Qd2 Rb8 9. Nc1 e5 10. d5 Nd4 11. N1e2 Nxe2 12. Bxe2 Nh5 13. O-O-O f5 14. Kb1 Nf4 15. Bf1 b6 16. g3 Nh5 17. Be2 Nf6 18. Bg5 Qe8 19. Bd3 fxe4 20. Nxe4 Nxe4 21. Bxe4 Bf5 22. Qe2 Bxe4+ 23. fxe4 Qf7 24. Rhf1 Qd7 25. g4 Rxf1 26. Rxf1 Rf8 27. h3 h6 28. Rxf8+ Bxf8 29. Bd2 Kg7 30. c5 dxc5 31. Qxa6 h5 32. Qe2 hxg4 33. Qxg4 Qxg4 34. hxg4 Kf7 35. a4 Ke8 36. a5 Kd7 37. axb6 cxb6 38. Bc3 Bd6 39. b4 cxb4 40. Bd2 Kc7 41. Kc2 b5 42. Kb3 Kd7 43. Bxb4 Bc7 44. Bc3 Bd6 45. Bb2 b4 46. Bc1 Bc5 47. Bd2 Bg1 48. Kxb4 Bf2 49. Kc4 Bg1 50. Kd3 Bc5 51. Be3 Be7 52. Kc4 Ba3 53. Bd2 Be7 54. Bc3 Bd6 55. Bb4 Bb8 56. Kb5 Ba7 57. Bc5 Bb8 58. d6 1-0

[Event "Sanjin Hotel Cup"]
[Site "Taiyuan"]
[Date "2004.07.17"]
[Round "1"]
[White "Dreev, Alexey"]
[Black "Ye Jiangchuan"]
[Result "1-0"]
[WhiteElo "2690"]
[BlackElo "2681"]
[PlyCount "97"]
[EventDate "2004.07.17"]
[SourceDate "2004.07.28"]

1. d4 Nf6 2. c4 g6 3. Nc3 Bg7 4. e4 d6 5. f3 O-O 6. Nge2 Nc6 7. Be3 a6 8. Qd2 Rb8 9. Rc1 Bd7 10. Nd1 e5 11. d5 Ne7 12. Nf2 Ne8 13. g3 c5 14. b4 b6 15. Bg2 f5 16. O-O Kh8 17. Rb1 Ng8 18. Rb3 Ngf6 19. bxc5 bxc5 20. Rfb1 Ra8 21. Bg5 fxe4 22. fxe4 Bc8 23. Nc3 Bd7 24. Ra3 Nc7 25. Rab3 Rf7 26. Rb7 Rc8 27. Ncd1 Qf8 28. Qa5 Nfe8 29. Rb8 Nf6 30. Rxc8 Qxc8 31. Qb6 Nce8 32. Qb8 Kg8 33. Qxc8 Bxc8 34. Rb8 Rc7 35. Bd2 Nd7 36. Rb3 Rb7 37. Bh3 Rxb3 38. axb3 Nb6 39. Ba5 Bxh3 40. Nxh3 Nc8 41. Ng5 Bh6 42. h4 Nf6 43. Nf2 Bxg5 44. hxg5 Nh5 45. Kg2 Kf7 46. Kf3 Ke8 47. Nd3 Ne7 48. b4 cxb4 49. Bxb4 1-0

[Event "Tan Chin Nam Cup 7th"]
[Site "Shanghai"]
[Date "2001.07.09"]
[Round "1"]
[White "Dreev, Alexey"]
[Black "Ye Jiangchuan"]
[Result "0-1"]
[WhiteElo "2690"]
[BlackElo "2671"]
[PlyCount "64"]
[EventDate "2001.07.09"]
[Source "ChessBase"]
[SourceDate "2001.11.13"]

1. d4 Nf6 2. c4 g6 3. Nc3 Bg7 4. e4 d6 5. f3 O-O 6. Nge2 a6 7. Be3 Nc6 8. Qd2 Rb8 9. Nc1 e5 10. d5 Nd4 11. N1e2 Nxe2 12. Bxe2 Nh5 13. O-O-O f5 14. Kb1 Bd7 15. a3 Kh8 16. Bd3 Qe7 17. Rc1 Nf4 18. Bc2 c5 19. dxc6 bxc6 20. c5 d5 21. Na4 fxe4 22. fxe4 d4 23. Bxf4 exf4 24. Bd3 Be6 25. Nb6 f3 26. Bxa6 Qh4 27. gxf3 Rxf3 28. Rhe1 d3 29. Rf1 Rh3 30. Rf2 Rd8 31. Bc4 Bg4 32. Rf4 Rxh2 0-1

[Event "Asian Teams"]
[Site "Jodhpur"]
[Date "2003.04.08"]
[Round "2"]
[White "Sasikiran, Krishnan"]
[Black "Ye Jiangchuan"]
[Result "1-0"]
[WhiteElo "2658"]
[BlackElo "2684"]
[PlyCount "115"]
[EventDate "2003.04.07"]
[Source "Roberto Alvarez"]
[SourceDate "2003.04.14"]

1. d4 Nf6 2. c4 g6 3. Nc3 Bg7 4. e4 d6 5. f3 O-O 6. Be3 Nc6 7. Nge2 a6 8. Qd2 Rb8 9. Rc1 Bd7 10. Nd1 b5 11. c5 Qe8 12. Nf2 Rd8 13. g3 dxc5 14. Rxc5 Bc8 15. Bg2 Bb7 16. O-O Nd7 17. Rc2 Nb6 18. b3 e6 19. Rfc1 Ba8 20. f4 Qd7 21. Ng4 f5 22. exf5 exf5 23. Rxc6 fxg4 24. Rxc7 Qf5 25. Bxa8 Rxa8 26. R7c5 Qd7 27. d5 Rfe8 28. Bf2 Bf8 29. Rc7 Qxd5 30. Qc2 Rab8 31. Rd1 Qh5 32. Nc3 Qf5 33. Qxf5 gxf5 34. Kf1 Bg7 35. Rd6 Rbc8 36. Rxg7+ Kxg7 37. Bxb6 b4 38. Ne2 Rc2 39. Nd4 Rc1+ 40. Kf2 Kf7 41. Rd7+ Kg6 42. Rd6+ Kf7 43. Rd5 Ra1 44. Rxf5+ Ke7 45. Ra5 Rh1 46. Rxa6 Kf7 47. Ra7+ Kf6 48. Bc7 Rxh2+ 49. Kg1 Rd2 50. Be5+ Rxe5 51. fxe5+ Kxe5 52. Nc6+ Ke4 53. Rf7 Rxa2 54. Rf4+ Ke3 55. Nxb4 Ra1+ 56. Kg2 Rb1 57. Nd5+ Kd3 58. Rxg4 1-0

[Event "ECC"]
[Site "Rethymnon"]
[Date "2003.10.02"]
[Round "5"]
[White "Lautier, Joel"]
[Black "Smirin, Ilia"]
[Result "1/2-1/2"]
[WhiteElo "2677"]
[BlackElo "2656"]
[PlyCount "42"]
[EventDate "2003.09.28"]
[Source "Roberto Alvarez"]
[SourceDate "2003.10.06"]

1. d4 Nf6 2. c4 g6 3. Nc3 Bg7 4. e4 d6 5. f3 O-O 6. Be3 Nc6 7. Nge2 a6 8. Qd2 Rb8 9. h4 h5 10. Nc1 e5 11. d5 Nd4 12. Nb3 c5 13. dxc6 bxc6 14. Nxd4 exd4 15. Bxd4 Re8 16. Be2 d5 17. e5 c5 18. Bxc5 Nd7 19. Bd6 Nxe5 20. Bxb8 Nxc4 21. Qc1 Bf5 1/2-1/2

[Event "Reykjavik"]
[Site "?"]
[Date "1988.??.??"]
[Round "?"]
[White "Beliavsky, A."]
[Black "Nunn, J."]
[Result "1-0"]
[WhiteElo "2665"]
[BlackElo "2620"]
[PlyCount "117"]
[EventDate "1988.??.??"]
[Source "ChessBase"]
[SourceDate "1988.07.01"]

1. d4 Nf6 2. c4 g6 3. Nc3 Bg7 4. e4 d6 5. f3 O-O 6. Be3 Nc6 7. Qd2 a6 8. Nge2 Rb8 9. Nc1 e5 10. Nb3 exd4 11. Nxd4 Nxd4 12. Bxd4 Be6 13. Be2 c6 14. a4 d5 15. cxd5 cxd5 16. e5 Nd7 17. f4 f6 18. exf6 Nxf6 19. Rd1 Qd7 20. O-O Rbd8 21. Bb6 d4 22. Qxd4 Qxd4+ 23. Bxd4 Bb3 24. Rd3 Bc4 25. Rd2 Bb3 26. Bd1 Bc4 27. Re1 Rfe8 28. Rxe8+ Nxe8 29. Be3 Rxd2 30. Bxd2 Bd4+ 31. Kh1 b5 32. axb5 axb5 33. b3 Bd3 34. Bf3 Nc7 35. Nd5 Ne6 36. Nb4 Bf5 37. g4 Bb1 38. Kg2 Kg7 39. Bd5 Nc7 40. Bc6 h5 41. h3 hxg4 42. hxg4 Bc5 43. Bc3+ Kf7 44. Kf3 Ne6 45. Bd5 Ke7 46. Be4 Bxe4+ 47. Kxe4 Bd6 48. Nc6+ Kf7 49. Ne5+ Bxe5 50. Kxe5 Ke7 51. Bd2 Nc7 52. Bc1 Ne8 53. Ba3+ Kf7 54. g5 Ng7 55. Kd5 Nf5 56. Bc5 Ng3 57. b4 Ne2 58. Bd6 Nc3+ 59. Kc6 1-0

[Event "Foxwoods Open"]
[Site "Connecticut"]
[Date "2003.04.20"]
[Round "6"]
[White "Ehlvest, Jaan"]
[Black "Smirin, Ilya"]
[Result "0-1"]
[WhiteElo "2587"]
[BlackElo "2662"]
[PlyCount "110"]
[EventDate "2003.04.17"]
[Source "Roberto Alvarez"]
[SourceDate "2003.04.28"]

1. d4 Nf6 2. c4 g6 3. Nc3 Bg7 4. e4 d6 5. f3 O-O 6. Be3 Nc6 7. Nge2 a6 8. Qd2 Rb8 9. Nc1 e5 10. d5 Nd4 11. Nb3 c5 12. dxc6 bxc6 13. Nxd4 exd4 14. Bxd4 Re8 15. Be2 d5 16. cxd5 Rb4 17. Bc5 Nxe4 18. fxe4 Bxc3 19. Qxc3 Rbxe4 20. O-O Rxe2 21. dxc6 Qg5 22. Bf2 R8e3 23. Qc4 Re4 24. Qd3 R4e3 25. Qc4 Re4 26. Qb3 Be6 27. c7 Bxb3 28. c8=Q+ Re8 29. Qc1 Qxc1 30. Rfxc1 Be6 31. b3 Rd8 32. Re1 Rc2 33. Rec1 Rdd2 34. Rxc2 Rxc2 35. h4 Kg7 36. b4 Bxa2 37. Rd1 Bc4 38. Rd7 Kf6 39. Rc7 Kf5 40. Rc5+ Kf4 41. Kh2 h5 42. Rc6 Ke4 43. Rf6 Rb2 44. Bc5 Be6 45. Rf3 Ra2 46. Rf2 Ra1 47. Rd2 Rc1 48. Be7 Bc4 49. Bg5 Rb1 50. Be7 Bd3 51. Rf2 f5 52. Kg3 Bb5 53. Bc5 Rb3+ 54. Rf3 f4+ 55. Kf2 Rb1 0-1

[Event "Guanzhou m"]
[Site "Guanzhou"]
[Date "2000.04.09"]
[Round "1"]
[White "Karpov, Anatoly"]
[Black "Xie Jun"]
[Result "1/2-1/2"]
[WhiteElo "2696"]
[BlackElo "2542"]
[PlyCount "92"]
[EventDate "2000.04.09"]
[Source "ChessBase"]
[SourceDate "2000.07.27"]

1. d4 Nf6 2. c4 g6 3. Nc3 Bg7 4. e4 d6 5. f3 O-O 6. Be3 Nc6 7. Nge2 a6 8. Qd2 Rb8 9. Rd1 Bd7 10. Nc1 e5 11. dxe5 Nxe5 12. Be2 Be6 13. b3 Nh5 14. O-O f5 15. f4 Ng4 16. Bxg4 fxg4 17. N1e2 Qe7 18. Ng3 Nxg3 19. hxg3 b5 20. cxb5 axb5 21. Bd4 Bxd4+ 22. Qxd4 b4 23. Nd5 Bxd5 24. Qxd5+ Qf7 25. Rfe1 Qxd5 26. Rxd5 Rfe8 27. Kf2 Re6 28. Ke3 c6 29. Ra5 Rxe4+ 30. Kxe4 Re8+ 31. Re5 dxe5 32. fxe5 Kf7 33. Rc1 Ra8 34. Rc2 Ra5 35. Kf4 Ke7 36. Kxg4 Rxe5 37. Rxc6 Re2 38. Kf3 Rxa2 39. Rc4 Rb2 40. Rxb4 h5 41. Rb6 g5 42. b4 Rb3+ 43. Kf2 Rb2+ 44. Kg1 Rb1+ 45. Kh2 g4 46. Rb5 Kf6 1/2-1/2

[Event "Guangzhou (m/3)"]
[Site "?"]
[Date "2000.??.??"]
[Round "?"]
[White "Karpov, An"]
[Black "Xie, Jun"]
[Result "1-0"]
[WhiteElo "2695"]
[BlackElo "2540"]
[PlyCount "77"]
[EventDate "2000.??.??"]
[Source "Chess Informant"]
[SourceDate "2000.02.01"]

1. d4 Nf6 2. c4 g6 3. Nc3 Bg7 4. e4 d6 5. f3 O-O 6. Be3 Nc6 7. Nge2 a6 8. Qd2 Rb8 9. Nc1 e5 10. d5 Nd4 11. Nb3 Nxb3 12. axb3 c5 13. g4 h5 14. h3 Nh7 15. gxh5 Qh4+ 16. Qf2 Qxf2+ 17. Kxf2 gxh5 18. Bd3 h4 19. Ke2 Kh8 20. b4 cxb4 21. Na4 Rg8 22. Bb6 Bd7 23. Bc7 Rbe8 24. Nb6 Nf6 25. Bxd6 Bf8 26. Bxf8 Rexf8 27. Rh2 Rg3 28. c5 Rfg8 29. Rah1 Kg7 30. Ke3 Kf8 31. Nc4 Bb5 32. Nxe5 R8g5 33. Bxb5 Rxe5 34. Kd4 Reg5 35. f4 Rg8 36. Be2 Ke7 37. e5 Nxd5 38. Kxd5 Re3 39. Kd4 1-0

[Event "Moscow 84/469"]
[Site "?"]
[Date "2002.??.??"]
[Round "?"]
[White "Dreev, A."]
[Black "Efimenko, Z."]
[Result "1-0"]
[WhiteElo "2683"]
[BlackElo "2546"]
[PlyCount "65"]
[EventDate "2002.??.??"]
[Source "Chess Informant"]
[SourceDate "2002.02.01"]

1. d4 Nf6 2. c4 g6 3. Nc3 Bg7 4. e4 d6 5. f3 O-O 6. Nge2 a6 7. Be3 Nc6 8. Qd2 Rb8 9. Rb1 b5 10. cxb5 axb5 11. b4 e5 12. d5 Ne7 13. Ng3 Bd7 14. Bd3 c6 15. dxc6 Bxc6 16. O-O d5 17. Bc5 d4 18. Nce2 Nd7 19. Bd6 Rc8 20. f4 f6 21. a4 Nb6 22. fxe5 fxe5 23. Qa2+ Bd5 24. Rxf8+ Bxf8 25. exd5 Qxd6 26. Ne4 Qd8 27. d6+ Ned5 28. Bxb5 Kh8 29. a5 Qh4 30. d7 Rd8 31. N2g3 Nc7 32. axb6 Nxb5 33. Qd5 1-0

[Event "Bundesliga 0001"]
[Site "Germany"]
[Date "2001.03.11"]
[Round "11.8"]
[White "Graf, Alexander"]
[Black "Nunn, John DM"]
[Result "1/2-1/2"]
[WhiteElo "2642"]
[BlackElo "2578"]
[PlyCount "124"]
[EventDate "2000.10.14"]
[Source "ChessBase"]
[SourceDate "2001.05.17"]

1. d4 Nf6 2. c4 g6 3. Nc3 Bg7 4. e4 d6 5. f3 O-O 6. Be3 Nc6 7. Nge2 a6 8. Qd2 Rb8 9. Rc1 Bd7 10. Nd1 e5 11. d5 Ne7 12. c5 Ne8 13. b4 f5 14. Nec3 Nf6 15. Be2 Kh8 16. Nb2 Nc8 17. Nc4 fxe4 18. fxe4 Ng4 19. Bg5 Bf6 20. O-O Kg7 21. Rxf6 Nxf6 22. Bh6+ Kg8 23. Bxf8 Qxf8 24. Qe3 Kg7 25. a3 Qe8 26. Na5 b6 27. Nc4 bxc5 28. bxc5 Bb5 29. Rb1 Ra8 30. Nxb5 axb5 31. Nd2 dxc5 32. Rxb5 Nd6 33. Rxc5 Qb8 34. h3 Qb6 35. Bf3 Nd7 36. Rc3 Nb5 37. Nc4 Qc5 38. Qxc5 Nxc5 39. Rc1 Nd3 40. Ra1 Ra4 41. Be2 Nc5 42. Nxe5 Nc3 43. Bf3 N5xe4 44. Kh2 Nd2 45. Bd1 Ra5 46. Nf3 Nc4 47. a4 Nxd1 48. Rxd1 Rxa4 49. Ng5 Ra2 50. Rc1 Ne3 51. Rxc7+ Kf6 52. Nxh7+ Ke5 53. Re7+ Kf4 54. Rf7+ Ke5 55. Re7+ Kf4 56. Rf7+ Ke5 57. Kg3 Nf5+ 58. Kf3 Nh4+ 59. Kg4 Nf5 60. Kf3 Nh4+ 61. Kg3 Nf5+ 62. Kh2 Ne3 1/2-1/2

[Event "Baden_Baden"]
[Site "?"]
[Date "1992.??.??"]
[Round "?"]
[White "Karpov, An"]
[Black "Kindermann, S."]
[Result "1-0"]
[WhiteElo "2715"]
[BlackElo "2505"]
[PlyCount "67"]
[EventDate "1992.??.??"]
[Source "ChessBase"]
[SourceDate "1992.10.01"]

1. d4 Nf6 2. c4 g6 3. Nc3 Bg7 4. e4 d6 5. f3 O-O 6. Be3 Nc6 7. Nge2 a6 8. Qd2 Rb8 9. h4 h5 10. Nc1 e5 11. d5 Nd4 12. N1e2 c5 13. dxc6 bxc6 14. Nxd4 exd4 15. Bxd4 Re8 16. Be2 d5 17. cxd5 cxd5 18. e5 Nd7 19. f4 Bh6 20. Qe3 Rxb2 21. Rd1 Nf6 22. O-O Ng4 23. Qg3 Be6 24. Bxa6 Qa5 25. Bd3 Bf8 26. f5 Bc5 27. Bb5 Rxb5 28. Nxb5 Qxb5 29. fxe6 Rxe6 30. Qf3 Bxd4+ 31. Rxd4 Nxe5 32. Qxd5 Qb2 33. Qa8+ Kg7 34. Rd8 1-0

[Event "It (Men) Malme SWE"]
[Site "?"]
[Date "2006.04.28"]
[Round "1"]
[White "Khenkin Igor"]
[Black "Fedorov Alexei"]
[Result "1/2-1/2"]
[WhiteElo "2602"]
[BlackElo "2614"]
[PlyCount "37"]
[EventDate "2006.??.??"]
[Source "www.chesslib.no"]
[SourceDate "2004.05.04"]

1. d4 Nf6 2. c4 g6 3. Nc3 Bg7 4. e4 d6 5. f3 O-O 6. Nge2 a6 7. Be3 Nc6 8. Qd2 Rb8 9. Rc1 Bd7 10. Nd1 Ne8 11. Nf2 e5 12. d5 Ne7 13. g3 f5 14. Bg2 Nf6 15. O-O Kh8 16. Bh6 Bxh6 17. Qxh6 fxe4 18. fxe4 c5 19. dxc6 1/2-1/2

[Event "London"]
[Site "London"]
[Date "1984.??.??"]
[Round "?"]
[White "Miles, Anthony J"]
[Black "Nunn, John DM"]
[Result "1-0"]
[WhiteElo "2610"]
[BlackElo "2600"]
[PlyCount "53"]
[EventDate "1984.04.??"]
[Source "ChessBase"]

1. d4 Nf6 2. c4 g6 3. Nc3 Bg7 4. e4 d6 5. f3 O-O 6. Be3 Nc6 7. Nge2 a6 8. Qd2 Rb8 9. h4 b5 10. h5 Nxh5 11. Bh6 Bxh6 12. Qxh6 f5 13. exf5 Bxf5 14. g4 e5 15. gxf5 Rxf5 16. Ng3 Nxg3 17. Qxh7+ Kf8 18. Qh8+ Ke7 19. Rh7+ Rf7 20. Nd5+ Ke6 21. Bh3+ Nf5 22. Bxf5+ gxf5 23. Nxc7+ Ke7 24. Rxf7+ Kxf7 25. Qh7+ Kf6 26. O-O-O Nxd4 27. Rh1 1-0

[Event "Namangan (zt)"]
[Site "?"]
[Date "2000.??.??"]
[Round "?"]
[White "Nenashev, A."]
[Black "Kasimdzhanov, R."]
[Result "1-0"]
[WhiteElo "2600"]
[BlackElo "2610"]
[PlyCount "99"]
[EventDate "2000.??.??"]
[Source "Chess Informant"]
[SourceDate "2000.06.01"]

1. d4 Nf6 2. c4 g6 3. Nc3 Bg7 4. e4 d6 5. f3 O-O 6. Be3 Nc6 7. Nge2 a6 8. Qd2 Rb8 9. Nc1 e5 10. d5 Nd4 11. N1e2 Nxe2 12. Bxe2 Nh5 13. O-O-O f5 14. g3 f4 15. Bf2 fxg3 16. hxg3 Bd7 17. Rh2 Rf7 18. Rg1 Qf8 19. f4 exf4 20. Bxh5 fxg3 21. Rxg3 gxh5 22. Qh6 Kh8 23. Qxh5 Bh6+ 24. Be3 Bxe3+ 25. Rxe3 Qg7 26. Kc2 Rbf8 27. Kb3 b5 28. cxb5 axb5 29. Qh6 Qd4 30. Rf3 b4 31. Qxf8+ Rxf8 32. Rxf8+ Kg7 33. Rf4 h5 34. Ne2 Qd2 35. Rhf2 Bg4 36. Rf7+ Kh6 37. R7f6+ Kg5 38. Rg6+ Kxg6 39. Nf4+ Qxf4 40. Rxf4 Kg5 41. Rf1 h4 42. Kc2 Be2 43. Rf2 Bc4 44. Kd2 h3 45. Ke3 Kg4 46. Rf7 h2 47. Rg7+ Kh3 48. Kf2 Bd3 49. Rh7+ Kg4 50. Ke3 1-0

[Event "Albox ESP, 29. Vicente Bonil"]
[Site "?"]
[Date "2005.06.04"]
[Round "3"]
[White "Dreev Alexey S"]
[Black "Cabrera Alexis"]
[Result "1-0"]
[WhiteElo "2705"]
[BlackElo "2502"]
[PlyCount "141"]
[EventDate "2005.??.??"]
[Source "www.chesslib.no"]
[SourceDate "2004.05.04"]

1. d4 Nf6 2. c4 g6 3. Nc3 Bg7 4. e4 d6 5. f3 O-O 6. Nge2 Nc6 7. Be3 a6 8. Qd2 Rb8 9. Rc1 Qd7 10. Nd5 Re8 11. h4 h5 12. g3 Nh7 13. Bg2 e5 14. O-O Qd8 15. Rfd1 Nf8 16. c5 Be6 17. cxd6 cxd6 18. dxe5 Bxd5 19. Qxd5 dxe5 20. Qxd8 Rexd8 21. Bh3 Bf6 22. a3 Be7 23. Kf2 f6 24. Bb6 Rxd1 25. Rxd1 Kf7 26. f4 Bd8 27. Be3 exf4 28. gxf4 f5 29. exf5 Bxh4+ 30. Kf3 Rd8 31. Rxd8 Nxd8 32. b4 Bf6 33. Ng3 Bb2 34. a4 Nc6 35. fxg6+ Nxg6 36. Bc8 b5 37. axb5 axb5 38. f5 Nf8 39. Ba6 Nxb4 40. Bxb5 h4 41. Ne4 Nc2 42. Bc4+ Ke8 43. Bb5+ Kf7 44. Bc4+ Ke8 45. Bg5 Nd4+ 46. Kg4 h3 47. Nf6+ Ke7 48. Nh7+ Ke8 49. Nf6+ Ke7 50. Nd5+ Ke8 51. Bf4 Nd7 52. Bf1 Nxf5 53. Kxf5 Nc5 54. Bxh3 Kd7 55. Nb6+ Kc6 56. Nc4 Bc3 57. Bg2+ Kb5 58. Nd6+ Kb4 59. Bh6 Nb3 60. Bf8 Ka3 61. Nb5+ Kb2 62. Nxc3 Kxc3 63. Bg7+ Kb4 64. Ke4 Nc5+ 65. Kd5 Nd3 66. Bf8+ Kc3 67. Be4 Nf4+ 68. Kc6 Kd4 69. Bh7 Ke5 70. Bd6+ Kf6 71. Bxf4 1-0

[Event "Dubai (open) 86/517"]
[Site "?"]
[Date "2002.??.??"]
[Round "?"]
[White "Istratescu, A."]
[Black "Fedorov, Alex"]
[Result "1-0"]
[WhiteElo "2606"]
[BlackElo "2598"]
[PlyCount "93"]
[EventDate "2002.??.??"]
[Source "Chess Informant"]
[SourceDate "2002.10.01"]

1. d4 Nf6 2. c4 g6 3. Nc3 Bg7 4. e4 d6 5. f3 O-O 6. Be3 Nc6 7. Nge2 a6 8. Qd2 Rb8 9. Nc1 e5 10. d5 Nd4 11. Nb3 Nxb3 12. axb3 c5 13. g4 Ne8 14. h4 f5 15. exf5 gxf5 16. g5 b5 17. f4 bxc4 18. bxc4 Rf7 19. Be2 Rfb7 20. Ra2 Rb4 21. O-O Qb6 22. fxe5 Rxb2 23. Rxb2 Qxb2 24. Bh5 Bxe5 25. Qxb2 Rxb2 26. Nd1 Rb4 27. Bxe8 Rxc4 28. Nf2 Rxh4 29. Rb1 Kf8 30. Rb8 Kxe8 31. Rxc8+ Kd7 32. Rf8 f4 33. Bd2 c4 34. Kg2 c3 35. Bc1 c2 36. Rf7+ Kc8 37. Nd3 Rh5 38. Kf3 Rxg5 39. Rxh7 Rg3+ 40. Ke4 f3 41. Be3 f2 42. Rh1 Bb2 43. Rf1 Kd7 44. Nxb2 Rg1 45. Rxf2 c1=Q 46. Bxc1 Rxc1 47. Rf7+ 1-0

[Event "BL2-West 7980"]
[Site "GER"]
[Date "1980.??.??"]
[Round "6"]
[White "Hort, Vlastimil"]
[Black "Kavalek, Lubomir"]
[Result "1-0"]
[WhiteElo "2595"]
[BlackElo "2600"]
[PlyCount "119"]
[EventDate "1979.10.??"]
[Source "www.chesslib.no"]
[SourceDate "2004.05.04"]

1. d4 Nf6 2. c4 g6 3. Nc3 Bg7 4. e4 d6 5. f3 O-O 6. Be3 Nc6 7. Nge2 a6 8. Qd2 Rb8 9. d5 Ne5 10. Ng3 c5 11. f4 Neg4 12. Bg1 e5 13. dxe6 fxe6 14. h3 Nh6 15. Be3 Nf7 16. Be2 b6 17. O-O Bb7 18. Rad1 Qe7 19. Bf3 b5 20. b3 h5 21. Qd3 h4 22. Nge2 b4 23. Na4 e5 24. Nb6 Bh6 25. Nd5 Nxd5 26. cxd5 exf4 27. Nxf4 Ne5 28. Qd2 Bc8 29. Be2 a5 30. Kh1 Bg7 31. Nd3 Nf7 32. Nf4 Ne5 33. Nd3 Nf7 34. e5 Nxe5 35. Bg5 Rxf1+ 36. Rxf1 Qe8 37. Bxh4 Bf5 38. Nf4 a4 39. Bg3 axb3 40. axb3 Ra8 41. Ne6 Bxe6 42. Bxe5 Bf7 43. Bxd6 Rd8 44. Qf4 Bxd5 45. Bc4 Bxc4 46. Qxc4+ Kh7 47. Qh4+ Bh6 48. Bf4 g5 49. Bxg5 Rd6 50. Bxh6 Rxh6 51. Qg4 Qe7 52. Rf5 Rg6 53. Qf4 Kg7 54. Kh2 Qd6 55. Qxd6 Rxd6 56. Rxc5 Rd3 57. Rg5+ Kf6 58. Rg3 Rc3 59. h4 Kf5 60. h5 1-0

[Event "Mind Sports Games - Blitz Ind"]
[Site "Pechino CINA"]
[Date "2008.10.04"]
[Round "8"]
[White "Zhou Jianchao"]
[Black "Sandipan, C."]
[Result "1-0"]
[WhiteElo "2612"]
[BlackElo "2579"]
[PlyCount "133"]
[EventDate "2008.10.04"]
[Source "www.chesslib.no"]
[SourceDate "2004.05.04"]

1. d4 Nf6 2. c4 g6 3. Nc3 Bg7 4. e4 d6 5. f3 O-O 6. Be3 Nc6 7. Nge2 a6 8. Qd2 Rb8 9. Rc1 Bd7 10. Nd1 e6 11. Nf2 d5 12. e5 Ne8 13. cxd5 exd5 14. f4 f6 15. g3 Ne7 16. Bg2 c6 17. O-O Nc7 18. Nd3 Bf5 19. exf6 Bxf6 20. Ne5 Ne8 21. Nc3 Nd6 22. b3 Bg7 23. Rfe1 Kh8 24. h3 Ng8 25. g4 Bc8 26. Bf2 Nf6 27. Bh4 Qa5 28. Qd3 Nfe4 29. Nxe4 Nxe4 30. Bxe4 dxe4 31. Qxe4 Be6 32. Re2 Bd5 33. Qe3 Bh6 34. Bg5 Bxg5 35. fxg5 Qc7 36. Rf1 Rxf1+ 37. Kxf1 Qg7 38. Rf2 Kg8 39. Qf4 Re8 40. Qf6 a5 41. h4 Rf8 42. Qxg7+ Kxg7 43. Rxf8 Kxf8 44. h5 Kg7 45. Kf2 b5 46. Ke3 Bg2 47. a3 b4 48. axb4 axb4 49. Nd3 Bd5 50. Nxb4 Bxb3 51. Nxc6 Bd5 52. Ne5 Be6 53. Kf4 Bd5 54. Nd3 Kf7 55. Ke5 Bf3 56. Kf4 Bd5 57. Nb4 Bb3 58. d5 Bd1 59. Nd3 Ke7 60. h6 Kd6 61. Ne5 Bc2 62. Nc4+ Kc5 63. Ne3 Ba4 64. Ke5 Bd7 65. Nf5 Kc4 66. Ne7 Bxg4 67. Nxg6 1-0

[Event "Sanjin Hotel Cup"]
[Site "Taiyuan"]
[Date "2004.07.19"]
[Round "3"]
[White "Bu Xiangzhi"]
[Black "Xie Jun"]
[Result "1/2-1/2"]
[WhiteElo "2620"]
[BlackElo "2564"]
[PlyCount "98"]
[EventDate "2004.07.17"]
[SourceDate "2004.07.28"]

1. d4 Nf6 2. c4 g6 3. Nc3 Bg7 4. e4 d6 5. f3 O-O 6. Be3 Nc6 7. Nge2 a6 8. Qd2 Rb8 9. Rb1 e5 10. d5 Ne7 11. Ng3 Ne8 12. Bd3 f5 13. exf5 Nxf5 14. Bg5 Bf6 15. Nce4 Bxg5 16. Qxg5 Qxg5 17. Nxg5 Nf6 18. O-O Nxg3 19. hxg3 h6 20. Ne4 Nxe4 21. Bxe4 Bf5 22. b4 b6 23. Rfc1 Kf7 24. c5 Bxe4 25. fxe4 bxc5 26. bxc5 dxc5 27. Rxb8 Rxb8 28. Rxc5 Rb4 29. Rxc7+ Kf6 30. Rc6+ Kg5 31. Rxa6 Rxe4 32. d6 Rd4 33. Kf2 h5 34. a4 Kf5 35. a5 Rd5 36. Ke3 g5 37. g4+ hxg4 38. g3 e4 39. Ke2 Ke5 40. Ra8 Rxd6 41. a6 Kd4 42. a7 Rd7 43. Kf2 Kc5 44. Ke3 Kd5 45. Kf2 Kd4 46. Ke2 e3 47. Ke1 Kd3 48. Kd1 Ke4+ 49. Ke2 Kd4 1/2-1/2

[Event "Pappier Memorial A"]
[Site "CAPA email"]
[Date "1998.??.??"]
[Round "?"]
[White "Pankratov, Aleksander (RUS)"]
[Black "Al Thani, Mohammed Bin Khalid"]
[Result "1/2-1/2"]
[WhiteElo "2550"]
[BlackElo "2630"]
[PlyCount "52"]
[EventDate "1998.??.??"]
[Source "www.chesslib.no"]
[SourceDate "2004.05.04"]

1. d4 Nf6 2. c4 g6 3. Nc3 Bg7 4. e4 d6 5. f3 O-O 6. Be3 a6 7. Qd2 Nc6 8. Nge2 Rb8 9. Nc1 e5 10. d5 Nd4 11. N1e2 Nxe2 12. Bxe2 Nh5 13. O-O-O f5 14. Kb1 Bd7 15. c5 Qe7 16. Ka1 Nf6 17. Bg5 Kh8 18. cxd6 cxd6 19. Bd3 Qf7 20. Rc1 Rbc8 21. Nb1 fxe4 22. fxe4 Bb5 23. Rxc8 Rxc8 24. Rf1 Bxd3 25. Qxd3 Rf8 26. Nd2 Qd7 1/2-1/2

[Event "Hoogovens"]
[Site "Wijk aan Zee"]
[Date "1995.??.??"]
[Round "?"]
[White "Van der Sterren, Paul"]
[Black "Zapata, Alonso"]
[Result "1-0"]
[WhiteElo "2605"]
[BlackElo "2565"]
[PlyCount "80"]
[EventDate "1995.01.??"]
[Source "ChessBase"]

1. d4 Nf6 2. c4 g6 3. Nc3 Bg7 4. e4 d6 5. f3 O-O 6. Be3 Nc6 7. Nge2 a6 8. Qd2 Rb8 9. h4 h5 10. Nc1 e5 11. d5 Nd4 12. N1e2 c5 13. dxc6 Nxc6 14. Rd1 Be6 15. b3 Qa5 16. Nd5 Qxd2+ 17. Rxd2 b5 18. Nec3 Nd4 19. Ne7+ Kh7 20. cxb5 axb5 21. Bxd4 exd4 22. Nxb5 Rb6 23. Nxd4 Re8 24. Nec6 Bd7 25. Rc2 Nxe4 26. fxe4 Rxe4+ 27. Be2 Bxd4 28. Nxd4 Rxd4 29. Rc4 Rd5 30. Rc7 Be6 31. Bc4 Re5+ 32. Kd2 Bxc4 33. Rxc4 d5 34. Rf4 f5 35. Rd4 Rbe6 36. Kc3 Re2 37. a4 Rc6+ 38. Kb4 Rb6+ 39. Ka3 Re4 40. Rxd5 Re3 1-0

[Event "London m exib"]
[Site "London ENG"]
[Date "1983.??.??"]
[Round "7"]
[White "Hort, Vlastimil"]
[Black "Miles, Anthony J"]
[Result "1-0"]
[WhiteElo "2585"]
[BlackElo "2585"]
[PlyCount "57"]
[EventDate "1983.11.??"]
[Source "www.chesslib.no"]
[SourceDate "2004.05.04"]

1. c4 Nf6 2. d4 g6 3. Nc3 Bg7 4. e4 O-O 5. f3 Nc6 6. Be3 d6 7. Nge2 a6 8. Qd2 Rb8 9. h4 b5 10. h5 bxc4 11. g4 Bxg4 12. fxg4 Nxg4 13. Bg5 Nb4 14. Nf4 Bxd4 15. Bxc4 Bf2+ 16. Kf1 Nc2 17. Nd1 Nce3+ 18. Nxe3 Nxe3+ 19. Kxf2 Nxc4 20. Qc3 Ne5 21. Rag1 c6 22. Kf1 Qd7 23. Bh6 Rfc8 24. hxg6 fxg6 25. Nxg6 hxg6 26. Rxg6+ Kf7 27. Rg7+ Ke8 28. Bg5 Qe6 29. Rh6 1-0